Štúdium vplyvu propanolu, i-propanolu, butanolu, t-butanolu na tvorbu asociačných komplexov diazepámu metódou HPLC-NMR
Gespeichert in:
| 1. Verfasser: | |
|---|---|
| Format: | Buch |
| Sprache: | Slowakisch |
| Veröffentlicht: |
Bratislava
STU FCHPT
2010
|
| Online-Zugang: | Im OPAC anzeigen |
| Tags: |
Keine Tags, Fügen Sie das erste Tag hinzu!
|
MARC
| LEADER | 00000nam a2200000 a 4500 | ||
|---|---|---|---|
| 005 | 20260127134009.0 | ||
| 008 | 100816 2010 xo 000 0 slo d | ||
| 035 | |a vtls010123285 | ||
| 039 | 9 | |y 201008161040 |z mschk03 | |
| 040 | |a STUSCHK1 |b slo |c STUSCHK1 |e AACR2 | ||
| 100 | 1 | |a Markovičová, Miriam | |
| 245 | 1 | |a Štúdium vplyvu propanolu, i-propanolu, butanolu, t-butanolu na tvorbu asociačných komplexov diazepámu metódou HPLC-NMR |c Miriam Markovičová | |
| 260 | |a Bratislava |b STU FCHPT |c 2010 | ||
| 300 | |a 40 s. |b il. |c 30 cm | ||
| 500 | |a Obháj.: 12.7. 2010 | ||
| 500 | |a Študijný program: chémia a medicínska chémia | ||
| 500 | |a Študijný odbor: 4.1.14 chémia | ||
| 500 | |a Bakalárska práca | ||
| 500 | |a FCHPT, Oddelenie analytickej chémie | ||
| 500 | |a Evidenčné číslo: 5428-40407 | ||
| 910 | |a SCHK95 | ||
| 999 | |c 1775 |d 1775 | ||